Catàleg de la documentació de l'Antic Hospital de Santa Maria / Abigail Sagarra Claverol, Sílvia Farrús Prat
ISBN:
978-84-89943-95-7
Descripción Física:
107 p. : il. col. ; 25 cm
Colección:
Clau de volta ; 1
Otros Autores:
Farrús Prat, Sílvia
MARC
| LEADER | 00000nam a2200000Ia 4500 | ||
|---|---|---|---|
| 001 | 20451 | ||
| 003 | BGR | ||
| 005 | 20260324180059.0 | ||
| 008 | 160829s2008 xx 000 0 cat d | ||
| 020 | |a 978-84-89943-95-7 | ||
| 080 | |a A-2-319 | ||
| 100 | |a Sagarra Claverol, Abigail |9 45669 | ||
| 245 | |a Catàleg de la documentació de l'Antic Hospital de Santa Maria / Abigail Sagarra Claverol, Sílvia Farrús Prat | ||
| 260 | |a Lleida : |b Institut d'Estudis Ilerdencs. Fundació Pública de la Diputació de Lleida, |c 2008 | ||
| 300 | |a 107 p. : |b il. col. ; |c 25 cm | ||
| 490 | |a Clau de volta ; 1 | ||
| 650 | |a Hospital de Santa Maria (Lleida) |x Arxius |x Catàlegs |9 45670 | ||
| 650 | |a Institut d'Estudis Ilerdencs |x Arxius |x Catàlegs |9 45671 | ||
| 700 | |a Farrús Prat, Sílvia |9 45672 | ||
| 710 | 2 | |a Institut d'Estudis Ilerdencs |9 71096 | |
| 901 | |a Arxiu | ||
| 942 | |n 1 |2 udc |c MON | ||
| 952 | |0 0 |1 0 |4 0 |6 A2319 |7 1 |9 52754 |a Arxiu |b Arxiu |d 2016-12-01 |l 0 |o A-2-319 |p 20451 |r 2016-12-01 00:00:00 |w 2016-12-01 |y ARXIU | ||
| 999 | |c 56603 |d 56603 | ||